000 01003nam a2200265Ia 4500
003 OSt
005 20221005111100.0
006 a|||||r|||| 00| 0
007 ta
008 221004b |||||||| |||| 00| 0 hin d
020 _a9788171198795 (hbk)
_c600
024 _a20325
037 _bSP/3820, 25/03/2015, Star Publications Pvt. Ltd.
_cTextual
040 _aCRL
_cCRL
_bhin
041 _2hin
_ahin
082 _aO152,8:g, Q3
100 _aसुरेश कान्त
245 0 _aहिन्दी गद्य लेखन में व्यंग्य और विचार
246 _aHindī gadya lekhan mean vyangya aur vichāra
260 _aनई दिल्ली
_bराधाकृष्ण भारत
_c2004
300 _a382पृ0
_ccm.
650 _aहिन्दी साहित्य
942 _hO152,8:g, Q3
_cTEXL
_2cc
999 _c1020760
_d1020760